[Event "Newcastle Northumbria Masters"]
[Site "Newcastle on Tyne"]
[Date "2021.08.30"]
[Round "9"]
[White "Green, Andrew"]
[Black "Faulkner, Martin J"]
[Result "1-0"]
[WhiteElo "2154"]
[BlackElo "1874"]
[PlyCount "91"]
[EventDate "2021.08.26"]
[EventType "swiss"]
[EventRounds "9"]
[EventCountry "ENG"]
[SourceTitle "CBM 204 Extra"]
[Source "ChessBase"]
[SourceDate "2021.11.30"]
[SourceVersion "1"]
[SourceVersionDate "2021.11.30"]
[SourceQuality "1"]

1. d4 Nf6 2. Nf3 d5 3. Bf4 c5 4. e3 Nc6 5. Nbd2 Bf5 6. dxc5 e6 7. Nd4 Bxc5 8. Nxf5 exf5 9. c3 Bd6 10. Qf3 Bxf4 11. Qxf4 g6 12. Be2 Qe7 13. Rd1 Rd8 14. 0-0 0-0 15. Nb3 a6 16. Qh4 Kg7 17. Nd4 Nxd4 18. Rxd4 h6 19. Bd1 Rfe8 20. Bb3 Rd6 21. Rfd1 Re6 22. Qf4 Re5 23. h4 Nh5 24. Qf3 f4 25. exf4 Re2 26. g3 Nf6 27. Bxd5 b5 28. Bc6 Re1+ 29. Kg2 Rxd1 30. Rxd1 Rc8 31. Bb7 Rc7 32. Bxa6 Ra7 33. Bxb5 Rxa2 34. Rb1 Ne4 35. Bc4 Nd2 36. Qd3 Nxc4 37. Qxc4 Qb7+ 38. Kg1 Ra5 39. Qd4+ Kh7 40. b4 Rd5 41. Qe3 Rd7 42. Re1 Qc7 43. Qe5 Qc4 44. f5 g5 45. f6 Qc6 46. Qf5+ 1-0

[Event "Titled Tuesday intern op 17th Aug"]
[Site "Chess.com INT"]
[Date "2021.08.17"]
[Round "9"]
[White "Baskin, Robert"]
[Black "Green, Andrew"]
[Result "1-0"]
[WhiteElo "2390"]
[BlackElo "2154"]
[PlyCount "49"]
[EventDate "2021.08.17"]
[EventType "swiss (blitz)"]
[EventRounds "11"]
[EventCountry "USA"]
[SourceTitle "EXT 2022"]
[Source "ChessBase"]
[SourceDate "2021.10.06"]
[SourceVersion "1"]
[SourceVersionDate "2021.10.06"]
[SourceQuality "1"]

1. e4 c5 2. Nf3 g6 3. d4 cxd4 4. Nxd4 Nc6 5. Nc3 Bg7 6. Be3 Nf6 7. Nxc6 bxc6 8. e5 Ng8 9. Bd4 f6 10. Qe2 Qa5 11. exf6 Nxf6 12. 0-0-0 0-0 13. Qxe7 d5 14. Bd3 Ba6 15. Qe6+ Kh8 16. Qxc6 Bxd3 17. Rxd3 Rac8 18. Qb5 Qc7 19. f3 a6 20. Qa4 Qf4+ 21. Kb1 Rc4 22. Nxd5 Rxa4 23. Nxf4 Rxd4 24. Rxd4 Nh5 25. Ne6 1-0

[Event "Titled Tuesday intern op 17th Aug"]
[Site "Chess.com INT"]
[Date "2021.08.17"]
[Round "10"]
[White "Green, Andrew"]
[Black "Amgalantengis, Enkh Amgalan"]
[Result "0-1"]
[WhiteElo "2154"]
[BlackElo "1878"]
[PlyCount "104"]
[EventDate "2021.08.17"]
[EventType "swiss (blitz)"]
[EventRounds "11"]
[EventCountry "USA"]
[SourceTitle "EXT 2022"]
[Source "ChessBase"]
[SourceDate "2021.10.06"]
[SourceVersion "1"]
[SourceVersionDate "2021.10.06"]
[SourceQuality "1"]

1. d4 d6 2. e4 a6 3. f4 g6 4. Nf3 Bg7 5. Be3 Bg4 6. Nc3 Nc6 7. d5 Nb8 8. Bd4 Bxf3 9. gxf3 Nf6 10. h4 c5 11. Be3 b5 12. Qd2 b4 13. Ne2 a5 14. Ng3 a4 15. a3 bxa3 16. Rxa3 Qb6 17. Ra2 Na6 18. c3 Nc7 19. h5 Nxh5 20. Nxh5 gxh5 21. Rxh5 a3 22. Rxa3 Rxa3 23. bxa3 Qb3 24. Kf2 Bxc3 25. Qd3 Qb2+ 26. Be2 Qxa3 27. Qb1 Qb4 28. Qa2 Bd4 29. Bxd4 Qxd4+ 30. Kf1 0-0 31. Qb1 Kh8 32. e5 f5 33. exf6 Rf7 34. fxe7 Rxe7 35. Qf5 Qa1+ 36. Kf2 Qd4+ 37. Kf1 Qg7 38. Qc8+ Re8 39. Qf5 Re7 40. Bd3 Ne8 41. Rg5 Qf7 42. Qg4 Nf6 43. Qh4 Nxd5 44. Rf5 Ne3+ 45. Kf2 Nxf5 46. Bxf5 c4 47. Be4 c3 48. Qg4 Rc7 49. Qg5 c2 50. f5 c1Q 51. Qd8+ Kg7 52. f6+ Qxf6 0-1

[Event "Titled Tuesday intern op 17th Aug"]
[Site "Chess.com INT"]
[Date "2021.08.17"]
[Round "5"]
[White "Green, Andrew"]
[Black "Solon, Nathan"]
[Result "0-1"]
[WhiteElo "2154"]
[BlackElo "2306"]
[PlyCount "70"]
[EventDate "2021.08.17"]
[EventType "swiss (blitz)"]
[EventRounds "11"]
[EventCountry "USA"]
[SourceTitle "EXT 2022"]
[Source "ChessBase"]
[SourceDate "2021.10.06"]
[SourceVersion "1"]
[SourceVersionDate "2021.10.06"]
[SourceQuality "1"]

1. d4 Nf6 2. Nf3 d5 3. Bf4 c5 4. e3 Nc6 5. Nbd2 cxd4 6. exd4 Bf5 7. Bb5 Rc8 8. Ne5 Bd7 9. Nxd7 Qxd7 10. c3 e6 11. 0-0 Bd6 12. Bg5 Be7 13. Re1 0-0 14. Qf3 a6 15. Bd3 h6 16. Bf4 b5 17. a3 Na5 18. g4 Nc4 19. Rab1 Ne8 20. Bc2 Bg5 21. Bxg5 hxg5 22. Nb3 Nf6 23. Kg2 Qd6 24. Nc5 Nd2 25. Qd3 Nxb1 26. Bxb1 Qf4 27. f3 g6 28. Nxa6 Kg7 29. h3 Nd7 30. Rxe6 Nf6 31. Nc5 Rfe8 32. Rxe8 Rxe8 33. Qxb5 Qd2+ 34. Kg3 Re1 35. Bd3 Rg1# 0-1

[Event "Titled Tuesday intern op 10th Aug"]
[Site "Chess.com INT"]
[Date "2021.08.10"]
[Round "4"]
[White "Maranhao, Jose Renato Ruiz"]
[Black "Green, Andrew"]
[Result "1-0"]
[WhiteElo "1923"]
[BlackElo "2154"]
[PlyCount "55"]
[EventDate "2021.08.10"]
[EventType "swiss (blitz)"]
[EventRounds "11"]
[EventCountry "USA"]
[SourceTitle "CBM 203 Extra"]
[Source "ChessBase"]
[SourceDate "2021.09.30"]
[SourceVersion "1"]
[SourceVersionDate "2021.09.30"]
[SourceQuality "1"]

1. e4 c5 2. Nf3 g6 3. d4 cxd4 4. Nxd4 Nc6 5. Nc3 Bg7 6. Be3 Nf6 7. Bc4 0-0 8. 0-0 Nxe4 9. Nxe4 d5 10. Nxc6 bxc6 11. Qf3 dxc4 12. Rad1 Qa5 13. Bc5 Bf5 14. Ba3 Rfd8 15. g4 Bxe4 16. Qxe4 e6 17. Qxc6 Rdc8 18. Qf3 c3 19. Rd7 f5 20. Re1 cxb2 21. Rxe6 b1Q+ 22. Kg2 Qbb5 23. Ree7 Qc3 24. Qe2 Qbc6+ 25. f3 Qxc2 26. Rxg7+ Kh8 27. Rxh7+ Kg8 28. Rdg7# 1-0

[Event "Titled Tuesday intern op 20th Oct"]
[Site "Chess.com INT"]
[Date "2020.10.20"]
[Round "2"]
[White "Green, Andrew"]
[Black "Cella, Glaucio Dalla Cortt"]
[Result "0-1"]
[WhiteElo "2154"]
[BlackElo "1961"]
[PlyCount "68"]
[EventDate "2020.10.20"]
[EventType "swiss (blitz)"]
[EventRounds "11"]
[EventCountry "USA"]
[SourceTitle "EXT 2022"]
[Source "ChessBase"]
[SourceDate "2021.10.06"]
[SourceVersion "1"]
[SourceVersionDate "2021.10.06"]
[SourceQuality "1"]

1. d4 Nf6 2. Nf3 e6 3. Bf4 c6 4. h3 Qb6 5. Nbd2 Qxb2 6. Rb1 Qxa2 7. e3 Nd5 8. Bc4 Qa5 9. Ra1 Qb4 10. 0-0 Nxf4 11. exf4 d5 12. Bd3 Nd7 13. Qe2 Qd6 14. f5 Be7 15. Rfe1 0-0 16. Ne5 Bf6 17. c4 dxc4 18. Ndxc4 Qxd4 19. Rad1 Nxe5 20. Nxe5 Qxe5 21. Qh5 g6 22. Qg4 exf5 23. Qf3 Qc7 24. h4 Bxh4 25. g3 Bf6 26. Kg2 Be6 27. Bb1 Bd5 28. Rxd5 cxd5 29. Rh1 d4 30. Ba2 Rad8 31. Qb3 Qc6+ 32. Kg1 d3 33. Qd1 d2 34. Rh2 Qc1 0-1

[Event "Titled Tuesday intern op 20th Oct"]
[Site "Chess.com INT"]
[Date "2020.10.20"]
[Round "5"]
[White "Green, Andrew"]
[Black "Hnydiuk, Aleksander"]
[Result "1-0"]
[WhiteElo "2154"]
[BlackElo "2407"]
[PlyCount "93"]
[EventDate "2020.10.20"]
[EventType "swiss (blitz)"]
[EventRounds "11"]
[EventCountry "USA"]
[SourceTitle "EXT 2022"]
[Source "ChessBase"]
[SourceDate "2021.10.06"]
[SourceVersion "1"]
[SourceVersionDate "2021.10.06"]
[SourceQuality "1"]

1. e4 c5 2. Nf3 e6 3. c3 d5 4. exd5 Qxd5 5. d4 Nf6 6. Be3 cxd4 7. cxd4 Bb4+ 8. Nc3 0-0 9. Bd3 Bd7 10. 0-0 Bxc3 11. bxc3 Bb5 12. Bxb5 Qxb5 13. Rb1 Qa6 14. Ne5 Nc6 15. Nxc6 Qxc6 16. Qb3 b6 17. c4 Rac8 18. Rbc1 Rfd8 19. Rfd1 Ne4 20. Bf4 Qb7 21. Qf3 Nd6 22. c5 Qxf3 23. gxf3 Nf5 24. Be3 Kf8 25. Kf1 Ke8 26. Ke2 bxc5 27. dxc5 Rxd1 28. Kxd1 Kd7 29. Ke2 Kc6 30. Rc4 Rb8 31. Ra4 Rb2+ 32. Kd3 Nxe3 33. fxe3 Kb7 34. h4 Rh2 35. a3 h5 36. Rc4 Kc6 37. Kc3 a5 38. Kb3 Rh3 39. Rf4 f6 40. Ka4 e5 41. Rf5 Rxh4+ 42. Kxa5 Kxc5 43. a4 Rh1 44. f4 Kd5 45. fxe5 Ke6 46. exf6 Kxf5 47. f7 1-0

[Event "Titled Tuesday intern op 20th Oct"]
[Site "Chess.com INT"]
[Date "2020.10.20"]
[Round "1"]
[White "Mekhitarian, Krikor Sevag"]
[Black "Green, Andrew"]
[Result "1-0"]
[WhiteElo "2554"]
[BlackElo "2154"]
[PlyCount "91"]
[EventDate "2020.10.20"]
[EventType "swiss (blitz)"]
[EventRounds "11"]
[EventCountry "USA"]
[SourceTitle "EXT 2022"]
[Source "ChessBase"]
[SourceDate "2021.10.06"]
[SourceVersion "1"]
[SourceVersionDate "2021.10.06"]
[SourceQuality "1"]

1. e4 c5 2. Nf3 g6 3. d4 cxd4 4. Nxd4 Nc6 5. c4 Nf6 6. Nc3 Nxd4 7. Qxd4 d6 8. Be2 Bg7 9. Be3 0-0 10. Qd2 a5 11. f3 a4 12. Rc1 Be6 13. Kf2 Qa5 14. Rhd1 Rfc8 15. Nb5 Nd7 16. Nd4 Nc5 17. Nxe6 Nxe6 18. Qxa5 Rxa5 19. Rc2 b5 20. a3 bxc4 21. Rdc1 h5 22. Bxc4 Rb8 23. Bxe6 fxe6 24. Rc8+ Rxc8 25. Rxc8+ Kf7 26. Rb8 d5 27. Ke2 Be5 28. Rb7 Bxh2 29. Bd2 Ra8 30. Bb4 Re8 31. Ra7 Be5 32. Rxa4 Bxb2 33. Ra7 g5 34. a4 g4 35. a5 dxe4 36. fxg4 hxg4 37. Ke3 Bf6 38. Rb7 Rd8 39. a6 Rd3+ 40. Kxe4 Rd4+ 41. Ke3 Rd1 42. a7 Ra1 43. Bc5 Bg5+ 44. Ke4 Ra4+ 45. Kd3 Ra5 46. Rb8 1-0

[Event "Titled Tuesday intern op 4th Aug 10am"]
[Site "Chess.com INT"]
[Date "2020.08.04"]
[Round "7"]
[White "Green, Andrew"]
[Black "Korchmar, Vasiliy"]
[Result "0-1"]
[WhiteElo "2154"]
[BlackElo "2451"]
[PlyCount "56"]
[EventDate "2020.08.04"]
[EventType "swiss (blitz)"]
[EventRounds "10"]
[EventCountry "USA"]
[SourceTitle "CBM 197 Extra"]
[Source "ChessBase"]
[SourceDate "2020.09.30"]
[SourceVersion "1"]
[SourceVersionDate "2020.09.30"]
[SourceQuality "1"]

1. d4 f5 2. Bg5 Nf6 3. Bxf6 exf6 4. e3 d5 5. c4 c6 6. Nc3 Bb4 7. Qb3 Qa5 8. Bd3 Be6 9. Nge2 Nd7 10. 0-0-0 Nb6 11. cxd5 Nxd5 12. Bc4 b5 13. Bxd5 cxd5 14. Nf4 Bf7 15. Ncxd5 Bd6 16. Kb1 Bxf4 17. exf4 0-0 18. Qb4 Qd8 19. Ne7+ Kh8 20. Nxf5 Qd5 21. Nd6 Qxa2+ 22. Kc1 Bb3 23. Rd3 Rac8+ 24. Nxc8 Rxc8+ 25. Rc3 Qa1+ 26. Kd2 Qxb2+ 27. Ke3 Rxc3+ 28. Ke4 Qc2# 0-1

[Event "Titled Tuesday intern op 4th Aug 10am"]
[Site "Chess.com INT"]
[Date "2020.08.04"]
[Round "8"]
[White "Green, Andrew"]
[Black "Lopez Gracia, Fernando"]
[Result "0-1"]
[WhiteElo "2154"]
[BlackElo "2299"]
[PlyCount "106"]
[EventDate "2020.08.04"]
[EventType "swiss (blitz)"]
[EventRounds "10"]
[EventCountry "USA"]
[SourceTitle "CBM 197 Extra"]
[Source "ChessBase"]
[SourceDate "2020.09.30"]
[SourceVersion "1"]
[SourceVersionDate "2020.09.30"]
[SourceQuality "1"]

1. d4 Nf6 2. Nf3 e6 3. Bf4 c5 4. e3 b6 5. Nc3 a6 6. e4 cxd4 7. Qxd4 Bb7 8. 0-0-0 Bc5 9. Qd2 Nxe4 10. Nxe4 Bxe4 11. Ng5 Bb7 12. Bd3 h6 13. Ne4 0-0 14. Nxc5 bxc5 15. Bd6 Re8 16. Bxc5 Qc7 17. Bd6 Qb6 18. Rhg1 Nc6 19. g4 Nd4 20. Bh7+ Kxh7 21. Qxd4 Qxd4 22. Rxd4 Bd5 23. c4 Rec8 24. b3 a5 25. Kd2 Bc6 26. Rb1 Kg6 27. Ke3 f6 28. a3 e5 29. Rd2 Kf7 30. f3 Ke6 31. Ra1 Ra6 32. h4 Bxf3 33. Kxf3 Rxd6 34. Rxd6+ Kxd6 35. Rd1+ Kc6 36. Rd5 Rb8 37. Rxa5 Rxb3+ 38. Ke4 Rc3 39. Ra4 Kc5 40. Ra7 Rxc4+ 41. Kf3 Rd4 42. h5 Kb6 43. Ra8 Kb7 44. Rg8 Rd3+ 45. Ke4 Rxa3 46. Rxg7 Kc6 47. Rg6 Ra4+ 48. Kf3 Rf4+ 49. Kg3 d5 50. Rxh6 d4 51. g5 d3 52. Rh8 d2 53. Rc8+ Kd7 0-1

[Event "Titled Tuesday intern op 4th Aug 10am"]
[Site "Chess.com INT"]
[Date "2020.08.04"]
[Round "3"]
[White "Green, Andrew"]
[Black "Wiewiora, Eneasz"]
[Result "0-1"]
[WhiteElo "2154"]
[BlackElo "2346"]
[PlyCount "116"]
[EventDate "2020.08.04"]
[EventType "swiss (blitz)"]
[EventRounds "10"]
[EventCountry "USA"]
[SourceTitle "CBM 197 Extra"]
[Source "ChessBase"]
[SourceDate "2020.09.30"]
[SourceVersion "1"]
[SourceVersionDate "2020.09.30"]
[SourceQuality "1"]

1. d4 d6 2. e4 Nf6 3. Nc3 e5 4. Nf3 Nbd7 5. Bc4 Be7 6. a4 0-0 7. 0-0 c6 8. h3 b6 9. Re1 a6 10. Ba2 Rb8 11. Nh4 exd4 12. Qxd4 Nc5 13. Nf5 Bxf5 14. exf5 d5 15. Bf4 Bd6 16. Bg5 Ncd7 17. Rad1 b5 18. axb5 axb5 19. g4 Qb6 20. Qd2 b4 21. Na4 Qa5 22. Bb3 Rfe8 23. Bf4 Bxf4 24. Qxf4 Ne4 25. f3 Nec5 26. Nxc5 Nxc5 27. Qd6 Qb6 28. Kg2 Rbd8 29. Qf4 Qb8 30. Qg5 h6 31. Qh4 Qf4 32. Qg3 Qxg3+ 33. Kxg3 g5 34. f4 Ne4+ 35. Kf3 Kg7 36. fxg5 hxg5 37. Ba4 Rc8 38. h4 gxh4 39. Rh1 h3 40. g5 Nxg5+ 41. Kg4 Kf6 42. Rde1 Rxe1 43. Rxe1 c5 44. Bd7 Rd8 45. Bc6 d4 46. Ra1 b3 47. cxb3 d3 48. Ra6 Rd4+ 49. Kg3 d2 50. Be4+ Ke5 51. Bc2 Ne4+ 52. Kf3 Ng5+ 53. Kg3 d1Q 54. Bxd1 Rxd1 55. Rc6 Rd3+ 56. Kh2 Kf4 57. Rxc5 Rd2+ 58. Kg1 Nf3+ 0-1

[Event "Titled Tuesday intern op 4th Aug 10am"]
[Site "Chess.com INT"]
[Date "2020.08.04"]
[Round "5"]
[White "Machidon, Cristi"]
[Black "Green, Andrew"]
[Result "0-1"]
[WhiteElo "2266"]
[BlackElo "2154"]
[PlyCount "64"]
[EventDate "2020.08.04"]
[EventType "swiss (blitz)"]
[EventRounds "10"]
[EventCountry "USA"]
[SourceTitle "CBM 197 Extra"]
[Source "ChessBase"]
[SourceDate "2020.09.30"]
[SourceVersion "1"]
[SourceVersionDate "2020.09.30"]
[SourceQuality "1"]

1. d4 Nf6 2. c4 g6 3. Nc3 Bg7 4. e4 0-0 5. h3 d6 6. Be3 e5 7. d5 a5 8. Nf3 Na6 9. b3 Nd7 10. g4 f5 11. gxf5 gxf5 12. exf5 Ndc5 13. Rg1 Kh8 14. Qd2 Bxf5 15. Ng5 Nb4 16. Bxc5 Nc2+ 17. Kd1 Nxa1 18. Be3 Nc2 19. Ne6 Nxe3+ 20. Qxe3 Bxe6 21. dxe6 c6 22. Ne4 d5 23. Ng5 dxc4+ 24. Ke1 Qe7 25. Qe4 Bf6 26. Nf7+ Rxf7 27. exf7 cxb3 28. Bc4 Bg7 29. axb3 Rd8 30. Qg4 Qf6 31. Qd7 Rxd7 32. f8Q+ Qxf8 0-1

[Event "Titled Tuesday intern op 4th Aug 2pm"]
[Site "Chess.com INT"]
[Date "2020.08.04"]
[Round "5"]
[White "Pham, Le Thao Nguyen"]
[Black "Green, Andrew"]
[Result "1-0"]
[WhiteElo "2366"]
[BlackElo "2154"]
[PlyCount "85"]
[EventDate "2020.08.04"]
[EventType "swiss (blitz)"]
[EventRounds "10"]
[EventCountry "USA"]
[SourceTitle "CBM 197 Extra"]
[Source "ChessBase"]
[SourceDate "2020.09.30"]
[SourceVersion "1"]
[SourceVersionDate "2020.09.30"]
[SourceQuality "1"]

1. d4 Nf6 2. Nf3 g6 3. g3 Bg7 4. Bg2 0-0 5. 0-0 d6 6. c4 c6 7. Nc3 Bf5 8. d5 Ne4 9. Nd4 Nxc3 10. bxc3 Bd7 11. dxc6 Nxc6 12. Rb1 Qc8 13. Bg5 Re8 14. Nb3 b6 15. Nd4 Rb8 16. Nb5 Bh3 17. Qd5 Bxg2 18. Kxg2 a6 19. Nd4 Ne5 20. Rb4 Qc5 21. Rfb1 Rbc8 22. Rxb6 Nxc4 23. Qxc5 Rxc5 24. Rb8 Rcc8 25. Rxc8 Rxc8 26. Bxe7 a5 27. e3 a4 28. Rb4 a3 29. Ra4 Rb8 30. Rxc4 h5 31. Bxd6 Rb2 32. Bxa3 Rxa2 33. Bb4 h4 34. gxh4 Bf6 35. Nf3 Kg7 36. Rc7 Rc2 37. Rc5 Ra2 38. h5 Rc2 39. hxg6 fxg6 40. Rc7+ Kh6 41. Ba5 g5 42. Nd4 Be5 43. Rc6+ 1-0

[Event "Titled Tuesday intern op 7th July"]
[Site "Chess.com INT"]
[Date "2020.07.07"]
[Round "7"]
[White "Gavilan Diaz, Mario"]
[Black "Green, Andrew"]
[Result "1-0"]
[WhiteElo "2278"]
[BlackElo "2154"]
[PlyCount "83"]
[EventDate "2020.07.07"]
[EventType "swiss (blitz)"]
[EventRounds "10"]
[EventCountry "USA"]
[SourceTitle "CBM 197 Extra"]
[Source "ChessBase"]
[SourceDate "2020.09.30"]
[SourceVersion "1"]
[SourceVersionDate "2020.09.30"]
[SourceQuality "1"]

1. e4 c5 2. Nf3 g6 3. c3 d5 4. exd5 Qxd5 5. d4 Bg7 6. Be2 cxd4 7. cxd4 Nf6 8. Nc3 Qd6 9. Nb5 Qb6 10. 0-0 0-0 11. d5 Rd8 12. Be3 Qa5 13. b4 Qxb4 14. Nc7 Na6 15. Nxa8 Nxd5 16. Rb1 Qa5 17. Bd2 Qxa2 18. Qb3 Qxb3 19. Rxb3 b6 20. Ra3 Nc5 21. Rxa7 Bg4 22. Bg5 h6 23. Bh4 Nc3 24. Bc4 Bxf3 25. gxf3 Rd4 26. Bxf7+ Kxf7 27. Bxe7 Kg8 28. Nxb6 Nd3 29. Nd7 Ne2+ 30. Kh1 Rf4 31. Kg2 Rf5 32. Ra8+ Kh7 33. Bd6 Rf7 34. Nc5 Nxc5 35. Bxc5 Rf5 36. Be3 h5 37. Rd1 Rf7 38. Rad8 Nc3 39. R1d7 Rxd7 40. Rxd7 Kg8 41. Rxg7+ Kxg7 42. Bd4+ 1-0

[Event "Titled Tuesday intern op 7th July"]
[Site "Chess.com INT"]
[Date "2020.07.07"]
[Round "8"]
[White "Green, Andrew"]
[Black "Aizpurua, Patrick Emilio"]
[Result "1-0"]
[WhiteElo "2154"]
[BlackElo "2310"]
[PlyCount "41"]
[EventDate "2020.07.07"]
[EventType "swiss (blitz)"]
[EventRounds "10"]
[EventCountry "USA"]
[SourceTitle "CBM 197 Extra"]
[Source "ChessBase"]
[SourceDate "2020.09.30"]
[SourceVersion "1"]
[SourceVersionDate "2020.09.30"]
[SourceQuality "1"]

1. d4 Nf6 2. Nf3 g6 3. Nc3 Bg7 4. e4 d6 5. Be3 0-0 6. Qd2 Ng4 7. Bg5 c6 8. h3 Nf6 9. Bh6 Qa5 10. h4 Bxh6 11. Qxh6 Nxe4 12. Ng5 Nf6 13. 0-0-0 Nbd7 14. h5 Qf5 15. Bd3 Qf4+ 16. Kb1 Rd8 17. hxg6 fxg6 18. Bxg6 Nf8 19. Bf7+ Kh8 20. Bc4 Ng6 21. Qxg6 1-0

[Event "Titled Tuesday intern op 7th July"]
[Site "Chess.com INT"]
[Date "2020.07.07"]
[Round "10"]
[White "Green, Andrew"]
[Black "Babiy, Olga"]
[Result "1-0"]
[WhiteElo "2154"]
[BlackElo "2228"]
[PlyCount "123"]
[EventDate "2020.07.07"]
[EventType "swiss (blitz)"]
[EventRounds "10"]
[EventCountry "USA"]
[SourceTitle "CBM 197 Extra"]
[Source "ChessBase"]
[SourceDate "2020.09.30"]
[SourceVersion "1"]
[SourceVersionDate "2020.09.30"]
[SourceQuality "1"]

1. d4 d5 2. Bf4 c5 3. e3 Nc6 4. c3 Bf5 5. Nd2 e6 6. Ngf3 a6 7. Be2 h6 8. 0-0 Nf6 9. Ne5 Nxe5 10. dxe5 Nd7 11. h3 Qc7 12. Nf3 g5 13. Bh2 Bg7 14. c4 dxc4 15. Bxc4 Nxe5 16. Qa4+ Ke7 17. Nxe5 Bxe5 18. Bxe5 Qxe5 19. Qa5 b5 20. Be2 Rhd8 21. Bf3 Ra7 22. Rac1 Qc7 23. Qc3 c4 24. Qg7 Qc5 25. Qxh6 Rg8 26. b3 c3 27. a3 a5 28. b4 axb4 29. axb4 Qxb4 30. Rfe1 Qc5 31. e4 Bg6 32. e5 Rd7 33. Qxg5+ Ke8 34. Ra1 Rd8 35. Ra6 Qe7 36. Qh6 Rc8 37. Bc6+ Rxc6 38. Rxc6 Qb7 39. Rxc3 b4 40. Rb3 Bc2 41. Rg3 Rg6 42. Qh8+ Ke7 43. Qh4+ Kf8 44. Qd8+ Kg7 45. Qf6+ Kh7 46. Rxg6 Bxg6 47. Qh4+ Kg7 48. Qf6+ Kh7 49. Re2 b3 50. Rb2 Qd5 51. Qh4+ Kg7 52. Qf6+ Kh7 53. Qf3 Qxe5 54. Rxb3 Qa1+ 55. Kh2 Qe5+ 56. g3 Kg7 57. Re3 Qd4 58. Qf4 Qd2 59. Rf3 Qd5 60. Qf6+ Kg8 61. Rf4 Qd2 62. Rd4 1-0

[Event "Titled Tuesday intern op 7th July"]
[Site "Chess.com INT"]
[Date "2020.07.07"]
[Round "6"]
[White "Green, Andrew"]
[Black "Oliveira, Silvio Eduardo"]
[Result "1-0"]
[WhiteElo "2154"]
[BlackElo "2280"]
[PlyCount "107"]
[EventDate "2020.07.07"]
[EventType "swiss (blitz)"]
[EventRounds "10"]
[EventCountry "USA"]
[SourceTitle "CBM 197 Extra"]
[Source "ChessBase"]
[SourceDate "2020.09.30"]
[SourceVersion "1"]
[SourceVersionDate "2020.09.30"]
[SourceQuality "1"]

1. d4 Nf6 2. Nf3 g6 3. Nc3 d5 4. Bf4 Bg7 5. e3 0-0 6. Be2 c5 7. 0-0 Nc6 8. dxc5 Bg4 9. Nb5 Bxf3 10. Bxf3 e5 11. Bg5 Qa5 12. Nc3 e4 13. Bxf6 Bxf6 14. Nxd5 Bxb2 15. Rb1 exf3 16. Rxb2 fxg2 17. Re1 Qxc5 18. Rxb7 Rad8 19. Nf6+ Kg7 20. Qa1 Qe5 21. Nd7 Qxa1 22. Rxa1 Rfe8 23. Kxg2 Re7 24. Nc5 Rxb7 25. Nxb7 Rd2 26. c4 Nb4 27. a3 Nd3 28. Rf1 Rc2 29. c5 Nxc5 30. Nxc5 Rxc5 31. Rb1 Rc3 32. a4 Ra3 33. Rb4 a5 34. Rc4 h5 35. h4 Kf6 36. Kf3 Ra2 37. Rd4 Ke5 38. Kg3 f6 39. Kf3 g5 40. Kg3 g4 41. Rf4 f5 42. Rd4 Ra1 43. Rc4 Kd5 44. Rf4 Ke6 45. Rc4 Ra2 46. Rd4 Ke5 47. Rc4 Kd6 48. Rf4 Ke6 49. Rc4 Ra1 50. Rd4 Rg1+ 51. Kh2 Rf1 52. Kg2 Rh1 53. Kxh1 f4 54. Rxf4 1-0

[Event "Titled Tuesday intern op 7th July"]
[Site "Chess.com INT"]
[Date "2020.07.07"]
[Round "4"]
[White "Green, Andrew"]
[Black "Sadovsky, Artem"]
[Result "0-1"]
[WhiteElo "2154"]
[BlackElo "2421"]
[PlyCount "82"]
[EventDate "2020.07.07"]
[EventType "swiss (blitz)"]
[EventRounds "10"]
[EventCountry "USA"]
[SourceTitle "CBM 197 Extra"]
[Source "ChessBase"]
[SourceDate "2020.09.30"]
[SourceVersion "1"]
[SourceVersionDate "2020.09.30"]
[SourceQuality "1"]

1. d4 g6 2. e4 Bg7 3. Nc3 d6 4. Be3 e5 5. Qd2 Nc6 6. Nf3 Bg4 7. dxe5 Bxf3 8. gxf3 dxe5 9. Nd5 Nd4 10. Be2 c6 11. Nb4 Qh4 12. 0-0-0 Rd8 13. Qe1 a5 14. Nd3 b6 15. c3 Nxe2+ 16. Qxe2 c5 17. Qc2 Qh3 18. Qa4+ Qd7 19. Qb3 Qc6 20. f4 c4 21. Qxb6 Qxb6 22. Bxb6 Rxd3 23. Rxd3 cxd3 24. fxe5 Bxe5 25. Bxa5 Bf4+ 26. Kb1 Nf6 27. f3 0-0 28. Bb6 Rb8 29. Bd4 Nd7 30. h3 Ne5 31. Bxe5 Bxe5 32. Rd1 Bxc3 33. b3 Rd8 34. a4 Kf8 35. Ka2 Ke7 36. Ka3 Rd4 37. Ka2 Kd6 38. Kb1 Kc5 39. Ka2 Kb4 40. h4 d2 41. h5 gxh5 0-1

[Event "Titled Tuesday intern op 30th June"]
[Site "Chess.com INT"]
[Date "2020.06.30"]
[Round "3"]
[White "Borsuk, Konstantin"]
[Black "Green, Andrew"]
[Result "1-0"]
[WhiteElo "2431"]
[BlackElo "2154"]
[PlyCount "123"]
[EventDate "2020.06.30"]
[EventType "swiss (blitz)"]
[EventRounds "10"]
[EventCountry "USA"]
[SourceTitle "CBM 197 Extra"]
[Source "ChessBase"]
[SourceDate "2020.09.30"]
[SourceVersion "1"]
[SourceVersionDate "2020.09.30"]
[SourceQuality "1"]

1. d4 Nf6 2. c4 g6 3. Nc3 Bg7 4. e4 d6 5. f3 c6 6. Be3 a6 7. a4 a5 8. g4 Na6 9. Nge2 0-0 10. Ng3 Nb4 11. Be2 Nd7 12. h4 e5 13. d5 cxd5 14. Nxd5 Nc5 15. h5 Nxd5 16. cxd5 Qb6 17. Bb5 Qc7 18. Rc1 b6 19. Rc2 Bd7 20. Bxd7 Qxd7 21. Rch2 Qxa4 22. hxg6 Qxd1+ 23. Kxd1 fxg6 24. Ke2 Rac8 25. Rxh7 Nb3 26. Rxg7+ Kxg7 27. Bh6+ Kg8 28. Bxf8 Nd4+ 29. Ke3 Rxf8 30. Rf1 Rc8 31. f4 Rc4 32. fxe5 dxe5 33. Rf6 Rb4 34. Rxg6+ Kf7 35. Rh6 Rb3+ 36. Kf2 Rxb2+ 37. Ke3 Rb3+ 38. Kf2 Rb2+ 39. Kg1 a4 40. Rh7+ Kg6 41. Ra7 b5 42. d6 Rd2 43. Nf1 Nf3+ 44. Kh1 Rd1 45. Kg2 Nh4+ 46. Kg3 Rxf1 47. d7 Rd1 48. Kxh4 Rd4 49. Kg3 Kf6 50. Kf3 Ke7 51. Ra5 Rb4 52. g5 Rb3+ 53. Kg4 a3 54. g6 Kxd7 55. g7 Rb1 56. Rxa3 Rg1+ 57. Kf5 Rxg7 58. Ra7+ Kc6 59. Rxg7 Kc5 60. Kxe5 Kc4 61. Rb7 b4 62. Kd6 1-0

[Event "Titled Tuesday intern op 30th June"]
[Site "Chess.com INT"]
[Date "2020.06.30"]
[Round "8"]
[White "Cagara, Paulina"]
[Black "Green, Andrew"]
[Result "0-1"]
[WhiteElo "2054"]
[BlackElo "2154"]
[PlyCount "72"]
[EventDate "2020.06.30"]
[EventType "swiss (blitz)"]
[EventRounds "10"]
[EventCountry "USA"]
[SourceTitle "CBM 197 Extra"]
[Source "ChessBase"]
[SourceDate "2020.09.30"]
[SourceVersion "1"]
[SourceVersionDate "2020.09.30"]
[SourceQuality "1"]

1. e4 c5 2. Nc3 g6 3. f4 Bg7 4. Nf3 Nc6 5. Bb5 Nd4 6. Bc4 e6 7. 0-0 Ne7 8. e5 d5 9. exd6 Qxd6 10. d3 0-0 11. Kh1 b6 12. Ne4 Qc7 13. c3 Ndc6 14. Qe2 Bb7 15. a4 Rad8 16. Be3 Nd5 17. Bxd5 exd5 18. Neg5 h6 19. Nh3 d4 20. cxd4 Nxd4 21. Bxd4 Bxf3 22. Qxf3 Bxd4 23. f5 Bxb2 24. Qg4 Bxa1 25. Rxa1 Qe5 26. Rf1 Rd4 27. Qd1 g5 28. Ng1 Qd5 29. f6 Re8 30. Qh5 Rh4 31. Qd1 Re6 32. a5 Rf4 33. Nf3 Rexf6 34. Re1 Rxf3 35. gxf3 Rxf3 36. Re4 Rxd3 0-1